Rebellion 1857 (Record no. 5113)
[ view plain ]
| 000 -LEADER | |
|---|---|
| fixed length control field | 00509cam a2200205ua 4500 |
| 008 - FIXED-LENGTH DATA ELEMENTS--GENERAL INFORMATION | |
| fixed length control field | 131109n ii |||gr||||Z||||||eng |
| 020 ## - INTERNATIONAL STANDARD BOOK NUMBER | |
| International Standard Book Number | 978-81-237-4935-8 |
| 040 ## - CATALOGING SOURCE | |
| Transcribing agency | MAIN |
| 082 ## - DEWEY DECIMAL CLASSIFICATION NUMBER | |
| Classification number | 954.0317 |
| 245 ## - TITLE STATEMENT | |
| Title | Rebellion 1857 |
| Statement of responsibility, etc. | ed. by P C Joshi |
| 250 ## - EDITION STATEMENT | |
| Edition statement | 1st NBT ed/ 1st rep. |
| 260 ## - PUBLICATION, DISTRIBUTION, ETC. | |
| Place of publication, distribution, etc. | New Delhi: |
| Name of publisher, distributor, etc. | National Book Trust, |
| Date of publication, distribution, etc. | 2007. |
| 300 ## - PHYSICAL DESCRIPTION | |
| Extent | ix,379p. |
| 700 ## - ADDED ENTRY--PERSONAL NAME | |
| Personal name | Joshi,P.C., |
| Relator term | |
| 942 ## - ADDED ENTRY ELEMENTS (KOHA) | |
| Koha item type | Books |
| 653 ## - INDEX TERM--UNCONTROLLED | |
| Uncontrolled term | History |
| 653 ## - INDEX TERM--UNCONTROLLED | |
| Uncontrolled term | Rebellion 1957 |
| 653 ## - INDEX TERM--UNCONTROLLED | |
| Uncontrolled term | Sepoy mutiny |
| Withdrawn status | Lost status | Damaged status | Not for loan | Home library | Current library | Shelving location | Date acquired | Total Checkouts | Full call number | Barcode | Date last seen | Copy number | Price effective from | Koha item type |
|---|---|---|---|---|---|---|---|---|---|---|---|---|---|---|
| Naharkatiya College Library | Naharkatiya College Library | General Stacks | 19/09/2020 | 954.0317 | REB | 17867 | 19/09/2020 | 1 | 19/09/2020 | Books |
